| 000 | 00956cam a2200205 4500 | ||
|---|---|---|---|
| 001 | WB3845-09 | ||
| 008 | 021203n2002 000 0 eng u | ||
| 035 | _a(Sirsi) u120641 | ||
| 245 | _aIPD still has confidence | ||
| 260 | _c2002 | ||
| 490 |
_aEstates Gazette _v(0248) 30 November 2002, 42(1) |
||
| 520 | _aA survey sponsored by PricewaterhouseCoopers reveals that 69% of investors are satisfied using the Investment Property Databank (IPD) indices as the industry performance benchmark. However, some investors felt that more options would be useful such as benchmarking against gilt returns. Full report available from PricewaterhouseCoopers, e [email protected] www.pwcglobal.com | ||
| 590 | _aWB | ||
| 650 | _aIPD INDEX | ||
| 650 | _aINVESTORS | ||
| 650 | _aINVESTMENT PROPERTY DATABANK | ||
| 650 | _aPRICE WATERHOUSE COOPERS | ||
| 690 | _aPROPERTY-COMMERCIAL PROPERTY-COMMERCIAL PROPERTY FINANCE AND INVESTMENT | ||
| 942 | _n0 | ||
| 999 |
_c71690 _d71690 |
||